Litrugia para seglares / [por] Ludwig A. Winterswyl ; tr. por Ignacio Oñatibia

I tiakina i:
Ngā taipitopito rārangi puna kōrero
Kaituhi matua: Winterswyl, Ludwig A. (autor)
Hōputu: Pukapuka
Rangatū:Col. "Cristianismo y Hombre Actual" (28)
Ngā marau:
Ngā Tūtohu: Tāpirihia he Tūtohu
Kāore He Tūtohu, Me noho koe te mea tuatahi ki te tūtohu i tēnei pūkete!

MARC

LEADER 00000nam^a2200000^u^4500
001 000544305
005 20250521000000.0
008 060220s1000^^^^^^^^^^^^r^^^^^000^0^spa^d
009 20260310131324.889
035 |a FMI 000013446 
037 |a Acervo Xavier Clavigero 
096 |a 5.9.3/24/B 
100 |a Winterswyl, Ludwig A.  |e (autor) 
245 1 0 |a Litrugia para seglares / [por] Ludwig A. Winterswyl ; tr. por Ignacio Oñatibia 
264 |a Madrid : Guadarrama, 1963 
300 |a 462 p. 
336 |a texto  |b txt  |2 rdacontenido 
337 |a sin mediación  |b n  |2 rdamedio 
338 |a volumen  |b nc  |2 rdasoporte 
440 0 |a Col. "Cristianismo y Hombre Actual" (28) 
597 |a Trad. del alemán ("Laienliturgik"). 
649 |a XX 
650 |a LITURGIA 
910 |a Fondo Francisco Migoya Covarrubias S.J. 
920 |a Impresos - Libros 
930 |a Fondos Especiales 
905 |a 134 
901 |a SBC09590  |b IT2  |c ESP  |u 20250521 
902 |a https://opac.biblio.iteso.mx/vufind/Record/000544305